000 00887nam a22001937a 4500
999 _c63322
_d63322
003 Ge_BSU
005 20250911200613.0
008 250911s2025 ge ||||| |||| 00| 0 geo d
020 _a9789941339752
041 _ageo
080 _a821.112.2.03=353.1 ო-41
100 _aოკოპენკო, ანდრეას
_925803
245 _aმწვანე მელოდია = Grüne Melodie :
_bლექსები /
_c ანდრეას ოკოპენკო ; გერმანულიდან თარგმნა დათო ბარბაქაძემ.
264 _aთბილისი :
_bუნივერსალი,
_c2025.
300 _a 202 გვ. ;
_b21 სმ.
653 _aავსტრიული პოეზია
700 _aბარბაქაძე, დათო
_eმთარგმნელი
_925804
942 _2udc
_cBK